[Event "Budapest Vezerkepzo Easter IM"]
[Site "Budapest"]
[Date "2025.04.14"]
[Round "1"]
[White "Neverov, Valeriy"]
[Black "Kormos, Adam"]
[Result "1-0"]
[WhiteElo "2426"]
[BlackElo "2135"]
[PlyCount "113"]
[EventDate "2025.04.14"]
[EventType "tourn"]
[EventRounds "9"]
[EventCountry "HUN"]
[SourceTitle "CB17_2025"]
[SourceDate "2025.04.23"]
[SourceVersion "1"]
[SourceVersionDate "2025.04.23"]
[SourceQuality "1"]

1. Nf3 Nf6 2. c4 g6 3. Nc3 Bg7 4. d4 d5 5. cxd5 Nxd5 6. e4 Nxc3 7. bxc3 c5 8. Be3 0-0 9. Qd2 Bg4 10. Be2 cxd4 11. cxd4 Nc6 12. Rd1 Qa5 13. 0-0 Qa4 14. d5 Rad8 15. Rb1 Qxe4 16. dxc6 Rxd2 17. Nxd2 Qa4 18. cxb7 Be5 19. Bxg4 Qxg4 20. Bxa7 Qd7 21. Nf3 Bb8 22. Rfd1 Qa4 23. Bxb8 Rxb8 24. Rd2 Kg7 25. Rdb2 f6 26. h3 h5 27. Rb6 Kf7 28. a3 g5 29. R6b3 Kg6 30. Nh2 Kf7 31. Nf1 h4 32. Ne3 Qa6 33. Nf5 Qa5 34. Rb5 Qxa3 35. Re1 e6 36. Nh6+ Kg6 37. Ng4 Qe7 38. Reb1 Qc7 39. Rb6 Kf7 40. Nh6+ Kg6 41. Ng4 Kf7 42. Ne3 Ke7 43. R6b4 Kf7 44. Nc4 Kg6 45. Nd2 Qc6 46. Nf3 Kg7 47. Rb6 Qd5 48. R1b4 e5 49. Nh2 Qd1+ 50. Nf1 Qd7 51. Ne3 Qc7 52. Rb1 e4 53. Nd5 Qc2 54. Nxf6 Qxb1+ 55. Rxb1 Kxf6 56. Kf1 Kf5 57. Ke2 1-0

[Event "Budapest FS04 GM"]
[Site "Budapest"]
[Date "2025.04.11"]
[Round "8"]
[White "Neverov, Valeriy"]
[Black "Borgaonkar, Akshay"]
[Result "0-1"]
[WhiteElo "2426"]
[BlackElo "2418"]
[PlyCount "146"]
[EventDate "2025.04.05"]
[EventType "tourn"]
[EventRounds "9"]
[EventCountry "HUN"]
[EventCategory "7"]
[SourceTitle "CB20_2025"]
[SourceDate "2025.05.14"]
[SourceVersion "1"]
[SourceVersionDate "2025.05.14"]
[SourceQuality "1"]

1. c4 e5 2. Nc3 Nc6 3. e3 Nf6 4. Nf3 Bb4 5. Qc2 0-0 6. Nd5 Re8 7. Bd3 g6 8. a3 Bf8 9. Nxf6+ Qxf6 10. Be4 Qe7 11. d3 Nd8 12. Bd2 c6 13. Bb4 d6 14. Nd2 Be6 15. 0-0 f5 16. Bf3 Nf7 17. d4 e4 18. Be2 a5 19. Bc3 d5 20. b4 f4 21. exf4 Bh6 22. g3 Bf5 23. Qb3 a4 24. Qa2 Rad8 25. Rae1 Bh3 26. Bd1 b5 27. cxb5 cxb5 28. Re3 Bxf1 29. Nxf1 Qe6 30. Re1 Qc6 31. Bb2 Nd6 32. Ne3 Nc4 33. Ng4 Bg7 34. Ne5 Bxe5 35. fxe5 Nd2 36. Be2 Rf8 37. Bc1 Nf3+ 38. Bxf3 exf3 39. h3 Qe6 40. Kh2 Rc8 41. Bh6 Rf7 42. Qd2 Qf5 43. e6 Re7 44. Re5 Qc2 45. Qe3 Qe2 46. Bg5 Ree8 47. Qxe2 fxe2 48. Rxe2 Rc4 49. Re5 Rxd4 50. Be3 Rd3 51. Bc5 Rxa3 52. e7 Rd3 53. Re6 Kf7 54. Ra6 Rc3 55. Bd6 d4 56. Kg2 d3 57. Kf3 d2+ 58. Ke2 Rd3 59. Kd1 a3 60. Bc5 Rc8 61. Ra7 Ke8 62. h4 h5 63. Ra5 Rxc5 64. bxc5 b4 65. Ra7 Rd7 66. Ra4 Rd4 67. Ra7 Rc4 68. Kxd2 Rxc5 69. Kd3 Rc3+ 70. Kd4 Rc2 71. Kd5 Kf7 72. Kd6 Re2 73. Ra4 a2 0-1

[Event "Budapest FS04 GM"]
[Site "Budapest"]
[Date "2025.04.10"]
[Round "7"]
[White "Lacan Rus, David"]
[Black "Neverov, Valeriy"]
[Result "1/2-1/2"]
[WhiteElo "2378"]
[BlackElo "2426"]
[PlyCount "84"]
[EventDate "2025.04.05"]
[EventType "tourn"]
[EventRounds "9"]
[EventCountry "HUN"]
[EventCategory "7"]
[SourceTitle "CB20_2025"]
[SourceDate "2025.05.14"]
[SourceVersion "1"]
[SourceVersionDate "2025.05.14"]
[SourceQuality "1"]

1. e4 c5 2. Nf3 e6 3. d4 cxd4 4. Nxd4 a6 5. Nc3 b5 6. Bd3 Bb7 7. 0-0 Nc6 8. Nxc6 Bxc6 9. Re1 Bc5 10. Qh5 Qb6 11. Be3 Bxe3 12. Rxe3 Nf6 13. Qg5 0-0 14. e5 h6 15. Qh4 Nh7 16. Rg3 Kh8 17. Qg4 Rg8 18. Ne4 Raf8 19. Re1 f5 20. exf6 Nxf6 21. Nxf6 Rxf6 22. Re2 Qc7 23. h3 Qf4 24. Kh2 Qxg4 25. hxg4 g5 26. f3 Rc8 27. Rh3 Kg7 28. Kg3 a5 29. Rh1 b4 30. Rd1 Kf7 31. Re5 d5 32. Ra1 Ke7 33. a3 Kd6 34. Ree1 Ra8 35. axb4 axb4 36. Rxa8 Bxa8 37. Ra1 Bc6 38. Kf2 e5 39. Ke3 Kc5 40. Ra7 Kd6 41. Ra6 Kc5 42. Ra7 Rf8 1/2-1/2

[Event "Budapest FS04 GM"]
[Site "Budapest"]
[Date "2025.04.05"]
[Round "1"]
[White "Aczel, Gergely"]
[Black "Neverov, Valeriy"]
[Result "1/2-1/2"]
[WhiteElo "2496"]
[BlackElo "2426"]
[PlyCount "61"]
[EventDate "2025.04.05"]
[EventType "tourn"]
[EventRounds "9"]
[EventCountry "HUN"]
[EventCategory "7"]
[SourceTitle "CB20_2025"]
[SourceDate "2025.05.14"]
[SourceVersion "1"]
[SourceVersionDate "2025.05.14"]
[SourceQuality "1"]

1. d4 d5 2. c4 c6 3. cxd5 cxd5 4. Nf3 Nc6 5. Nc3 Nf6 6. Bf4 Bf5 7. e3 e6 8. Bd3 Bxd3 9. Qxd3 Bd6 10. Bxd6 Qxd6 11. 0-0 0-0 12. h3 Rfc8 13. Rfc1 Nb4 14. Qd1 Qa6 15. Ne1 Ne4 16. a3 Nxc3 17. bxc3 Nc6 18. Nd3 b6 19. Nb4 Nxb4 20. axb4 Qb5 21. Qa4 Qxa4 22. Rxa4 a6 23. Kf1 b5 24. Ra3 Kf8 25. Ke2 Rc6 26. Kd3 Rb8 27. f4 f5 28. Ra2 Kf7 29. g4 g6 30. g5 Kg7 31. h4 1/2-1/2

[Event "EU-ch 25th"]
[Site "Eforie Nord"]
[Date "2025.03.26"]
[Round "11"]
[White "Neverov, Valeriy"]
[Black "Kadric, Denis"]
[Result "1/2-1/2"]
[WhiteElo "2418"]
[BlackElo "2542"]
[PlyCount "48"]
[EventDate "2025.03.15"]
[EventType "swiss"]
[EventRounds "11"]
[EventCountry "ROU"]
[SourceTitle "CB13_2025"]
[SourceDate "2025.03.26"]
[SourceVersion "1"]
[SourceVersionDate "2025.03.26"]
[SourceQuality "1"]

1. d4 Nf6 2. Nf3 d6 3. c4 g6 4. g3 Bg7 5. Bg2 0-0 6. 0-0 Nbd7 7. Qc2 e5 8. Rd1 Re8 9. Nc3 Qe7 10. Bg5 c6 11. Ne4 exd4 12. Rxd4 c5 13. Nxf6+ Nxf6 14. Rd2 Bf5 15. Qd1 h6 16. Bxf6 Bxf6 17. Ne1 h5 18. e3 Rab8 19. a4 Red8 20. Nd3 Bxd3 21. Rxd3 Bxb2 22. Rb1 Be5 23. Rdb3 b6 24. a5 Qc7 1/2-1/2

[Event "Budapest Farago Memorial"]
[Site "Budapest"]
[Date "2024.12.04"]
[Round "6"]
[White "Peng, Hongchi"]
[Black "Neverov, Valeriy"]
[Result "1-0"]
[WhiteElo "2387"]
[BlackElo "2401"]
[PlyCount "147"]
[EventDate "2024.11.29"]
[EventType "tourn"]
[EventRounds "9"]
[EventCountry "HUN"]
[EventCategory "6"]
[SourceTitle "CB50_2024"]
[SourceDate "2024.11.01"]
[SourceVersion "1"]
[SourceVersionDate "2024.11.01"]
[SourceQuality "2"]

1. d4 Nf6 2. c4 g6 3. Nc3 d5 4. Bg5 Ne4 5. h4 Bg7 6. cxd5 Nxc3 7. bxc3 Qxd5 8. e3 Nc6 9. Qb3 Qa5 10. Nf3 0-0 11. Nd2 Be6 12. Qb2 h6 13. Bf4 Bd5 14. c4 Be4 15. Bxc7 Qxc7 16. Nxe4 Rad8 17. Be2 Nxd4 18. exd4 Rxd4 19. Nc3 Rfd8 20. Rc1 Rd2 21. Rc2 Bxc3 22. Qxc3 Rxc2 23. Qxc2 Qa5+ 24. Kf1 Rd2 25. Qe4 Qxa2 26. g4 Qa1+ 27. Kg2 Qb2 28. Re1 e6 29. Qe3 b6 30. Bf3 Qd4 31. Qxd4 Rxd4 32. Be2 Kg7 33. Ra1 Rd7 34. Kf3 g5 35. h5 Kf6 36. Ke4 Rd2 37. Ke3 Rd7 38. Rb1 Ke5 39. Rb5+ Kf6 40. Bf3 Rc7 41. Kd4 Rd7+ 42. Kc3 Rd8 43. Be2 Rd7 44. Bd3 Rd8 45. Kd2 Rd4 46. f3 Rd6 47. Ke3 Rc6 48. Ke4 a6 49. Rb1 b5 50. cxb5 axb5 51. Rxb5 Rc8 52. Rb7 Rd8 53. Bc4 Rd1 54. Bb5 Rd8 55. Bc6 Rc8 56. Bd7 Rd8 57. Ra7 Rb8 58. Ba4 Rd8 59. Ke3 Kg7 60. Bc6 Kf6 61. Ra8 Rd6 62. Be8 Ke7 63. Bb5 Kf6 64. Rg8 Rd5 65. Bd3 Ra5 66. Be4 Ra4 67. Kd3 Ke5 68. Rf8 Ra7 69. Ke3 Ra3+ 70. Kf2 Ra7 71. Kg3 f6 72. Rh8 f5 73. gxf5 exf5 74. Re8+ 1-0

[Event "Budapest Farago Memorial"]
[Site "Budapest"]
[Date "2024.12.01"]
[Round "3"]
[White "Berczes, David"]
[Black "Neverov, Valeriy"]
[Result "1/2-1/2"]
[WhiteElo "2413"]
[BlackElo "2401"]
[PlyCount "20"]
[EventDate "2024.11.29"]
[EventType "tourn"]
[EventRounds "9"]
[EventCountry "HUN"]
[EventCategory "6"]
[SourceTitle "CB50_2024"]
[SourceDate "2024.11.01"]
[SourceVersion "1"]
[SourceVersionDate "2024.11.01"]
[SourceQuality "2"]

1. d4 d5 2. c4 dxc4 3. Nf3 Nf6 4. e3 e6 5. Bxc4 c5 6. 0-0 a6 7. dxc5 Bxc5 8. Qxd8+ Kxd8 9. Rd1+ Ke7 10. Nc3 Nbd7 1/2-1/2

[Event "Budapest Vezerkepzo GM 10"]
[Site "Budapest"]
[Date "2024.10.19"]
[Round "9"]
[White "Neverov, Valeriy"]
[Black "Panesar, Vedant"]
[Result "1/2-1/2"]
[WhiteElo "2423"]
[BlackElo "2420"]
[PlyCount "130"]
[EventDate "2024.10.14"]
[EventType "tourn"]
[EventRounds "9"]
[EventCountry "HUN"]
[EventCategory "6"]
[SourceTitle "CB43_2024"]
[Source "Chessbase"]
[SourceDate "2024.10.23"]
[SourceVersion "1"]
[SourceVersionDate "2024.10.23"]
[SourceQuality "1"]

1. c4 g6 2. d4 Bg7 3. Nf3 Nf6 4. Nc3 d6 5. e4 0-0 6. Be2 Nbd7 7. 0-0 e5 8. Be3 Qe7 9. dxe5 dxe5 10. Nd5 Qd8 11. Qc2 c6 12. Nxf6+ Qxf6 13. c5 Qe7 14. Rfd1 Nf6 15. h3 Be6 16. Ng5 Rfd8 17. Nxe6 Qxe6 18. Bc4 Qe7 19. b4 Rxd1+ 20. Rxd1 Rd8 21. Rxd8+ Qxd8 22. b5 Bf8 23. bxc6 bxc6 24. Bb3 Be7 25. Qc4 Qf8 26. Ba4 Qc8 27. g3 Nd7 28. Kg2 Nf8 29. Qc3 Bf6 30. Qa5 Qb7 31. Qd2 Be7 32. Qc3 Bf6 33. Qb3 Qc8 34. Qd3 Be7 35. Qc3 Bf6 36. Qa5 Qb7 37. Bb3 Nd7 38. g4 Be7 39. g5 Qb8 40. h4 Qb7 41. Kf3 Nf8 42. Qc3 Qb8 43. Ke2 Nd7 44. Qc4 Qf8 45. Qa6 Qa8 46. Ba4 Nxc5 47. Qxc6 Qf8 48. Bb5 Bd6 49. f3 Qe7 50. Qe8+ Qxe8 51. Bxe8 Kf8 52. Bc6 a5 53. Bd5 Ke7 54. Kd2 Ne6 55. Bxe6 fxe6 56. Kc3 Kd7 57. Kb3 Kc6 58. Ka4 Bb4 59. Bf2 Bc3 60. Kb3 Bd4 61. Be1 Kb5 62. a4+ Kb6 63. Kc4 Bb2 64. Bf2+ Kc6 65. Bg3 Kb6 1/2-1/2

[Event "Budapest FS10 GM"]
[Site "Budapest"]
[Date "2024.10.09"]
[Round "5"]
[White "Panesar, Vedant"]
[Black "Neverov, Valeriy"]
[Result "1-0"]
[WhiteElo "2420"]
[BlackElo "2423"]
[PlyCount "97"]
[EventDate "2024.10.05"]
[EventType "swiss"]
[EventRounds "9"]
[EventCountry "HUN"]
[SourceTitle "CB45_2024"]
[Source "ChessBase"]
[SourceDate "2024.11.06"]
[SourceVersion "1"]
[SourceVersionDate "2024.11.06"]
[SourceQuality "1"]

1. e4 e5 2. Nf3 Nc6 3. Bb5 Nf6 4. d3 d6 5. 0-0 Bd7 6. Re1 a6 7. Ba4 b5 8. Bb3 Na5 9. d4 Nxb3 10. axb3 exd4 11. Nxd4 Be7 12. Nc3 0-0 13. Bf4 Re8 14. Qd3 c5 15. Nf5 Bxf5 16. exf5 d5 17. Bg5 d4 18. Bxf6 Bxf6 19. Ne4 Qb6 20. Re2 Red8 21. Rae1 Rac8 22. Ng3 Qc6 23. Nh5 Re8 24. Nxf6+ gxf6 25. b4 Kf8 26. bxc5 Qxc5 27. Qh3 Rxe2 28. Rxe2 Kg7 29. Qg4+ Kh8 30. h3 Qd5 31. Rd2 Rg8 32. Rxd4 Rxg4 33. Rxd5 Rc4 34. Rd2 a5 35. Kf1 Kg7 36. Ke2 h5 37. c3 b4 38. Kd3 bxc3 39. bxc3 Rf4 40. c4 Kf8 41. Re2 Rxf5 42. Kd4 Rf4+ 43. Kc3 a4 44. f3 a3 45. Rc2 Rf5 46. Kb4 Rf4 47. Kb5 Rd4 48. Ra2 Ke7 49. c5 1-0